Places To Study

There are group study rooms, individual study carrels, computer labs, and other spaces to study in the Libraries.

Reserve A Group Room

Online Resources

Access thousands of eBooks, audiobooks, and online journals from the comfort of your home.

Explore Resources

Events and Workshops

Join our upcoming events and workshops to enhance your skills and knowledge.

View Events

Zinme yazawin = Chronicles of Chiang Mai / (Record no. 2798)

MARC details
000 -LEADER
fixed length control field 00813nam a22002297a 4500
003 - CONTROL NUMBER IDENTIFIER
control field OSt
005 - DATE AND TIME OF LATEST TRANSACTION
control field 20251223160601.0
008 - FIXED-LENGTH DATA ELEMENTS--GENERAL INFORMATION
fixed length control field 251223b |||||||| |||| 00| 0 eng d
040 ## - CATALOGING SOURCE
Transcribing agency DCL
041 ## - LANGUAGE CODE
Language code of text/sound track or separate title English
100 1# - MAIN ENTRY--PERSONAL NAME
Personal name Sithu, Gamani Thingyan
245 14 - TITLE STATEMENT
Title Zinme yazawin = Chronicles of Chiang Mai /
Statement of responsibility, etc. by Sithu Gamani Thingyan ; translated by Thaw Kaung, Ni Ni Myint ; edited by Tun Aung Chain.
260 ## - PUBLICATION, DISTRIBUTION, ETC.
Place of publication, distribution, etc. Yangon :
Name of publisher, distributor, etc. Universities Historical Research Centre,
Date of publication, distribution, etc. 2003.
300 ## - PHYSICAL DESCRIPTION
Extent 97 pages :
Other physical details plates ;
Dimensions 22 cm.
504 ## - BIBLIOGRAPHY, ETC. NOTE
Bibliography, etc. note Includes bibliographical references (p. 230-233) and index
651 ## - SUBJECT ADDED ENTRY--GEOGRAPHIC NAME
Geographic name Chiang Mai (Thailand)
Form subdivision History
700 0# - ADDED ENTRY--PERSONAL NAME
Personal name Thaw Kaung
Relator term translator
700 0# - ADDED ENTRY--PERSONAL NAME
Personal name Ni Ni Myint
Relator term translator
700 0# - ADDED ENTRY--PERSONAL NAME
Personal name Tun Aung Chain
Relator term editor
942 ## - ADDED ENTRY ELEMENTS (KOHA)
Source of classification or shelving scheme Dewey Decimal Classification
Koha item type Short Term
Suppress in OPAC No
Holdings
Withdrawn status Lost status Source of classification or shelving scheme Damaged status Not for loan Collection Accession No. Home library Current library Shelving location Date acquired Total checkouts Full call number Barcode Date last seen Price effective from Koha item type
    Dewey Decimal Classification     English Collection 3790 Dhammadhara Dhammadhara English Shelves 23/12/2025   959.3 Si 3790 EB00003790 23/12/2025 23/12/2025 Short Term